Concert Band Instruments by Pitch - Statistics

General Stats
  • This quiz has been taken 16 times
  • The average score is 7 of 13
Answer Stats
Hint Answer % Correct
C4-D7 Flute
93%
E3-C7 Clarinet
86%
B3-A6 Oboe
86%
F#3-C6 Trumpet
86%
D5-C8 Piccolo
79%
Bb0-F4 Tuba
79%
C2-C6 French Horn
57%
E2-F5 Trombone
50%
Bb1-E5 Bassoon
43%
Bb1-Bb5 Bass Clarinet
29%
Bb3-F#6 Alto Saxophone
21%
Ab3-E6 Tenor Saxophone
21%
A3-F#6 Baritone Saxophone
14%
No matching quizzes found
Score Distribution
Percent of People with Each Score
Percentile by Number Answered
Your Score History
You have not taken this quiz